States of the Arkansas River Basin on a Map - Statistics

General Stats
  • This quiz has been taken 264 times
  • The average score is 7 of 7
Answers on the Map
Answers color-coded by a green-red scale on the quiz's map according to % correct below.
 
Answer Stats
State % Correct
Kansas
100%
Arkansas
99%
Missouri
99%
New Mexico
99%
Oklahoma
99%
Texas
99%
Colorado
98%
No matching quizzes found
Score Distribution
Percent of People with Each Score
Percentile by Number Answered
Your Score History
You have not taken this quiz